书目信息 |
| 题名: |
解读中国“十一五”发展战略
|
|
| 作者: | ;解读中国十一五发展战略编写组 编著 | |
| 分册: | ||
| 出版信息: | 北京 新华出版社 2005.10 |
|
| 页数: | 274页 | |
| 开本: | 21cm | |
| 丛书名: | ||
| 单 册: | ||
| 中图分类: | F123.393 | |
| 科图分类: | ||
| 主题词: | 国民经济计划--五年计划--中国--2006-2010--学习参考资料 | |
| 电子资源: | ||
| ISBN: | 7-5011-7262-5 | |
| 000 | 00921nam0 2200241 45 | |
| 001 | 192004002608 | |
| 005 | 20070905143624.28 | |
| 010 | @a7-5011-7262-5@dCNY20.00 | |
| 100 | @a20070601d2005 ekmy0chiy0121 ea | |
| 101 | 0 | @achi |
| 102 | @aCN@b110000 | |
| 105 | @ay z 000yy | |
| 200 | 1 | @a解读中国“十一五”发展战略@Ajie du zhong guo“ shi yi wu” fa zhan zhan lue@f本书编写组编著 |
| 210 | @a北京@c新华出版社@d2005.10 | |
| 215 | @a274页@d21cm | |
| 300 | @a其他题名:解读中国十一五发展战略 | |
| 330 | @a本书分二编:解读中国“十一五”规划重点问题;解读中国“十一五”规划关键词语。 | |
| 517 | 1 | @a解读中国十一五发展战略@Ajie du zhong guo shi yi wu fa zhan zhan lue |
| 606 | 0 | @a国民经济计划@x五年计划@y中国@z2006-2010@j学习参考资料 |
| 690 | @aF123.393@v4 | |
| 711 | 02 | @a解读中国十一五发展战略编写组@Ajie du zhong guo shi yi wu fa zhan zhan lue bian xie zu@4编著 |
| 801 | 0 | @aCN@c20070905 |
| 905 | @dF123.393@eJ719 | |
| 解读中国“十一五”发展战略/本书编写组编著.-北京:新华出版社,2005.10 |
| 274页;21cm |
| 其他题名:解读中国十一五发展战略 |
| ISBN 7-5011-7262-5:CNY20.00 |
| 本书分二编:解读中国“十一五”规划重点问题;解读中国“十一五”规划关键词语。 |
| ● |
| 相关链接 |
|
|
|
正题名:解读中国"十一五"发展战略
索取号:F123.393/J719
 
预约/预借
| 序号 | 登录号 | 条形码 | 馆藏地/架位号 | 状态 | 备注 |
| 1 | 620214 | 206202143 | 社科二线422/409社科库 68排4列5层/ [索取号:F123.393/J719] | 在馆 | |
| 2 | 620215 | 206202152 | 社科库409/409社科库 68排4列5层/ [索取号:F123.393/J719] | 在馆 | |
| 3 | 620216 | 206202161 | 社科二线422/409社科库 68排4列5层/ [索取号:F123.393/J719] | 在馆 |